MARC details
| 000 -LEADER |
| fixed length control field |
04064cam a22005417i 4500 |
| 001 - CONTROL NUMBER |
| control field |
20811012 |
| 003 - CONTROL NUMBER IDENTIFIER |
| control field |
JO-AjAnu |
| 005 - DATE AND TIME OF LATEST TRANSACTION |
| control field |
20241019093923.0 |
| 008 - FIXED-LENGTH DATA ELEMENTS--GENERAL INFORMATION |
| fixed length control field |
190116t20172017gw a 000 0 eng d |
| 010 ## - LIBRARY OF CONGRESS CONTROL NUMBER |
| LC control number |
2018304227 |
| 015 ## - NATIONAL BIBLIOGRAPHY NUMBER |
| National bibliography number |
GBB7E5529 |
| Source |
bnb |
| 016 7# - NATIONAL BIBLIOGRAPHIC AGENCY CONTROL NUMBER |
| Record control number |
018469360 |
| Source |
Uk |
| 020 ## - INTERNATIONAL STANDARD BOOK NUMBER |
| International Standard Book Number |
3836567555 |
| 020 ## - INTERNATIONAL STANDARD BOOK NUMBER |
| International Standard Book Number |
9783836567558 |
| 020 ## - INTERNATIONAL STANDARD BOOK NUMBER |
| International Standard Book Number |
9783836567565 |
| 020 ## - INTERNATIONAL STANDARD BOOK NUMBER |
| International Standard Book Number |
3836567563 |
| 035 ## - SYSTEM CONTROL NUMBER |
| System control number |
(OCoLC)ocn992575082 |
| 040 ## - CATALOGING SOURCE |
| Original cataloging agency |
YDX |
| Language of cataloging |
eng |
| Transcribing agency |
YDX |
| Description conventions |
rda |
| Modifying agency |
LIV |
| -- |
NZWPM |
| -- |
XC$ |
| -- |
CLE |
| -- |
OCLCF |
| -- |
NMW |
| -- |
UKMGB |
| -- |
DLC |
| -- |
JO-AjAnu |
| 041 ## - LANGUAGE CODE |
| Language code of text/sound track or separate title |
eng |
| -- |
fre |
| -- |
ger |
| 042 ## - AUTHENTICATION CODE |
| Authentication code |
lccopycat |
| 050 00 - LIBRARY OF CONGRESS CALL NUMBER |
| Classification number |
NK1990 |
| Item number |
.P45 2021 |
| 082 04 - DEWEY DECIMAL CLASSIFICATION NUMBER |
| Classification number |
747 |
| Edition number |
23 |
| 100 1# - MAIN ENTRY--PERSONAL NAME |
| Personal name |
Phillips, Ian, |
| Dates associated with a name |
1969- |
| Relator term |
author. |
| 245 10 - TITLE STATEMENT |
| Title |
Interiors now! / |
| Statement of responsibility, etc. |
ed. Aurelia Taschen. ; texts, Ian Phillips. |
| 264 #1 - PRODUCTION, PUBLICATION, DISTRIBUTION, MANUFACTURE, AND COPYRIGHT NOTICE |
| Place of production, publication, distribution, manufacture |
[Köln?] : |
| Name of producer, publisher, distributor, manufacturer |
Taschen, Bibliotheca Universalis, |
| Date of production, publication, distribution, manufacture, or copyright notice |
[2021] |
| 264 #4 - PRODUCTION, PUBLICATION, DISTRIBUTION, MANUFACTURE, AND COPYRIGHT NOTICE |
| Date of production, publication, distribution, manufacture, or copyright notice |
©2021 |
| 300 ## - PHYSICAL DESCRIPTION |
| Extent |
500 pages : |
| Other physical details |
colour illustrations ; |
| Dimensions |
21 cm |
| 336 ## - CONTENT TYPE |
| Content type term |
text |
| Content type code |
txt |
| Source |
rdacontent |
| 336 ## - CONTENT TYPE |
| Content type term |
still image |
| Content type code |
sti |
| Source |
rdacontent |
| 337 ## - MEDIA TYPE |
| Media type term |
unmediated |
| Media type code |
n |
| Source |
rdamedia |
| 338 ## - CARRIER TYPE |
| Carrier type term |
volume |
| Carrier type code |
nc |
| Source |
rdacarrier |
| 490 0# - SERIES STATEMENT |
| Series statement |
Bibliotheca universalis |
| 500 ## - GENERAL NOTE |
| General note |
Previous edition published 2011. |
| 505 0# - FORMATTED CONTENTS NOTE |
| Formatted contents note |
Atotoniloc - John Houshmand, -- Auckland - Yuri Kinugawa & Owen Hughes -- Auroville - Jocelyne Blancard, -- Avignon - Laurence Rigaill & Cyril Jean -- Barcelona - A Barcelona family -- Barcelona - Benedetta Tagliabue -- Beijing - Kelly Li Hong Yu -- Berlin - Dirk Fabarius -- Berlin - Sylvester Koziolek -- Berlin - Luzia Braun -- Buenos Aires - Mercedes Hernáez & Alejandro Sticotti Capri - Susanne & Matteo Thun -- Cohiniac - Paola & Gianni Basso -- East Hampton - A European family -- Espoo - Olavi Koponen -- Frankfurt - Bernd Hollin -- Ghent - Bep De Reu & Dieter Van Everbroeck -- Guarujá - Arthur Casas -- Ibiza - A publisher and organiser of art fairs -- Ibiza - Victor Esposito -- Istanbul - Serdar Gülgünrkey -- Joshua Tree - Andrea Zittel -- Jouars-Pontchartrain - Olivier Auclert -- London - Roland Emmerich -- London - Marc Newson & Charlotte Stockdale -- Los Angeles - Eugenio López Alonso -- Madrid - A German-Spanish couple -- Madrid - Oliva García-Velarde -- Malmö - Monica Larsen Dennis -- Marrakech - Emma Rochlitzer & Roberto Caciolli -- Melbourne - David Bromley-- Meudon - Alexis Lahellec -- Miami - Doug Meyer -- Milan - Britt Moran & Emiliano Salci -- New York - Izhar Patkin -- New York - Tomoko & Kimio Akiyoshi -- Orne - An art collector -- Paraty - A young Brazilian couple -- Punta Del Este - Javier & Gerardo Gentile -- Rome - Roberta Paolucci & Paolo Giacomelli -- Rotterdam - Ghislaine van de Kamp & Sjoerd Didden -- São Paulo - A Brazilian art dealer -- Shanghai - Richard Hsu -- Trancoso - Wilbert Das -- Zuoz - Monica De Cardenas. |
| 520 ## - SUMMARY, ETC. |
| Summary, etc. |
"Flea-market romance or space-age bachelor pad, minimalist or neo-baroque; whatever your style, you{u2019}ll find your fit of fresh, provocative interior design inspiration in this compilation of the world{u2019}s most exquisite and original contemporary homes. Filled with stunning images from acclaimed interior photographers, the houses and apartments featured are dotted all over the globe - from Miami to Istanbul, Malmö to Beijing. Eclectic or minimal, antique or extra-modern, these decors locate contemporary style in all its manifestations, showcasing the endless possibilities and home-making magic of interior design."--Dust jacket front flap. |
| 546 ## - LANGUAGE NOTE |
| Language note |
Parallel text in English, German and French. |
| 648 #7 - SUBJECT ADDED ENTRY--CHRONOLOGICAL TERM |
| Chronological term |
2000-2099 |
| Source of heading or term |
fast |
| 650 #0 - SUBJECT ADDED ENTRY--TOPICAL TERM |
| Topical term or geographic name entry element |
Interior decoration |
| Form subdivision |
Pictorial works. |
| 650 #0 - SUBJECT ADDED ENTRY--TOPICAL TERM |
| Topical term or geographic name entry element |
Architecture, Domestic |
| Chronological subdivision |
21st century. |
| 650 #7 - SUBJECT ADDED ENTRY--TOPICAL TERM |
| Topical term or geographic name entry element |
Architecture, Domestic. |
| Source of heading or term |
fast |
| Authority record control number or standard number |
(OCoLC)fst00813666 |
| 650 #7 - SUBJECT ADDED ENTRY--TOPICAL TERM |
| Topical term or geographic name entry element |
Interior decoration. |
| Source of heading or term |
fast |
| Authority record control number or standard number |
(OCoLC)fst00976327 |
| 655 #7 - INDEX TERM--GENRE/FORM |
| Genre/form data or focus term |
Illustrated works. |
| Source of term |
fast |
| Authority record control number or standard number |
(OCoLC)fst01423873 |
| 655 #7 - INDEX TERM--GENRE/FORM |
| Genre/form data or focus term |
Pictorial works. |
| Source of term |
fast |
| Authority record control number or standard number |
(OCoLC)fst01423874 |
| 655 #7 - INDEX TERM--GENRE/FORM |
| Genre/form data or focus term |
Illustrated works. |
| Source of term |
lcgft |
| 906 ## - LOCAL DATA ELEMENT F, LDF (RLIN) |
| a |
7 |
| b |
cbc |
| c |
copycat |
| d |
2 |
| e |
ncip |
| f |
20 |
| g |
y-gencatlg |
| 942 ## - ADDED ENTRY ELEMENTS (KOHA) |
| Source of classification or shelving scheme |
Library of Congress Classification |
| Koha item type |
Books |
| Suppress in OPAC |
No |